Jesús y la historia: conferencias de Nuestra Señora de París

Uloženo v:
Podrobná bibliografie
Hlavní autor: Boullaye, Pinard de la
Médium: Kniha
Jazyk:španělština
Vydáno: Madrid, España Razón y Fe 1929
Edice:Biblioteca Razón y Fe de Cuestiones Actuales. 7
Témata:
Tagy: Přidat tag
Žádné tagy, Buďte první, kdo vytvoří štítek k tomuto záznamu!

MARC

LEADER 00000cam a2200000 a 4500
001 UCE9689
003 CL-VaPUC
005 20230524143922.0
008 151029e19290000sp |||||||||||||||||spa|d
999 |c 361334  |d 361332 
040 |c Pontificia Universidad Católica de Valparaíso 
082 0 4 |a 232.9 BOU 1929  |2 21 
100 0 |a Boullaye, Pinard de la  |9 582578 
245 1 0 |a Jesús y la historia: conferencias de Nuestra Señora de París 
260 0 3 |a Madrid, España  |b Razón y Fe  |c 1929 
300 |a 203 páginas 
490 0 |a Biblioteca Razón y Fe de Cuestiones Actuales.  |v 7 
583 |a last modification  |c 20151029 22:28:00  |k Rodrigo Vera 
600 0 |a Jesús  |9 313614 
650 0 |a Historia del cristianismo  |9 473480 
650 0 |a Cristianismo  |9 257361 
942 |c BK  |2 ddc 
945 |d 20151029 22:28:00  |a gsalatino 
952 |0 0  |1 0  |2 ddc  |3 erd  |4 0  |6 232_900000000000000_BOU_1929  |7 0  |8 P  |9 471768  |a BIBTEO  |b BIBTES  |c TEO_FTES  |i 5208157  |o 232.9 BOU 1929  |p 5208157  |r 2024-01-18  |t 1  |w 2019-11-24  |y BK  |z Catalogado en:20151029  |k ICR